Statistics for Chemical Formula of a... Human?

Click here to take the quiz!

General Stats

  • This quiz has been taken 18 times
  • The average score is 15 of 22

Answer Stats

# of AtomsElement% Correct
1,500,000Calcium
92%
375,000,000Hydrogen
92%
6,430,000Nitrogen
92%
132,000,000Oxygen
92%
85,700,000Carbon
85%
2,680Iron
85%
206,000Sulfur
85%
40,000Magnesium
77%
1,020,000Phosphorus
77%
177,000Potassium
77%
2,110Zinc
77%
127,000Chlorine
69%
76Copper
69%
13Manganese
69%
38,600Silicon
69%
183,000Sodium
69%
14Iodine
62%
13Fluorine
54%
7Chromium
46%
1Cobalt
46%
4Selenium
38%
3Molybdenum
15%

Score Distribution

Percentile by Number Answered

Percent of People with Each Score

Your Score History

You have not taken this quiz